Statistics for Tommy Lee Jones Movies

Click here to take the quiz!

General Stats

  • This quiz has been taken 9 times
  • The average score is 9 of 19

Answer Stats

Release YearCostarsMovie% Correct
1995Val Kilmer, Jim CarreyBatman Forever
89%
2007Javier Bardem, Josh BrolinNo Country For Old Men
89%
1997Will Smith, Linda FiorentinoMen in Black
78%
1993Harrison Ford, Julianne MooreThe Fugitive
78%
2011Chris Evans, Hayley AtwellCaptain America: The First Avenger
67%
2012Daniel Day Lewis, Joseph Gordon LevittLincoln
67%
1994Woody Harrelson, Juliette LewisNatural Born Killers
67%
2000Clint Eastwood, Donald SutherlandSpace Cowboys
67%
1992Steven Seagal, Gary BuseyUnder Siege
56%
1998Wesley Snipes, Robert Downey Jr.U.S. Marshals
56%
2019Brad Pitt, Donald SutherlandAd Astra
44%
1980Sissy Spacek, Levon HelmCoal Miner's Daughter
33%
1991Gary Oldman, Kevin BaconJFK
33%
2011Samuel L. JacksonThe Sunset Limited
33%
2016Matt Damon, Riz AhmedJason Bourne
22%
1977William Devane, Linda HaynesRolling Thunder
22%
2014Hilary Swank, Meryl StreepThe Homesman
22%
2020Robert De Niro, Morgan FreemanThe Comeback Trail
11%
1984Martha Plimpton, Shawn SmithThe River Rat
11%

Score Distribution

Percentile by Number Answered

Percent of People with Each Score

Your Score History

You have not taken this quiz